Game of Thrones - Lordly Houses - The North - Statistics

General Stats
  • This quiz has been taken 84 times
  • The average score is 11 of 23
Answer Stats
Picture Answer % Correct
Stark
100%
Bolton
96%
Karstark
90%
Mormont
86%
Umber
85%
Manderly
82%
Reed
73%
Glover
71%
Cerwyn
52%
Dustin
45%
Hornwood
44%
Flint
42%
Tallhart
38%
Ryswell
30%
Locke
25%
Wull
19%
Liddle
16%
Knott
15%
Norrey
15%
Slate
11%
Burley
10%
Stout
10%
Harclay
8%
No matching quizzes found
Score Distribution
Percent of People with Each Score
Percentile by Number Answered
Your Score History
You have not taken this quiz